Krysy apokalypsy. Kniha třetí, Bouřný úsvit /
Závěrečný díl postapokalyptické trilogie.
Uloženo v:
| Série: | Krysy apokalypsy,
část 3 |
|---|---|
| Hlavní autor: | |
| Médium: | E-kniha |
| Jazyk: | Czech |
| Vydáno: |
Brno :
Host,
2022
|
| Vydání: | První vydání |
| Témata: | |
| Příbuzné jednotky: | Z cyklu::
Krysy apokalypsy |
| Tagy: |
Žádné tagy |
| LEADER | 02065nam a2200421 i 4500 | ||
|---|---|---|---|
| 001 | 311710 | ||
| 003 | CZ PrSKC | ||
| 005 | 20260601215710.0 | ||
| 007 | ta | ||
| 008 | 220926s2022 xr g 000 f cze | ||
| 015 | |a cnb003457172 | ||
| 020 | |a 9788027513703 |q (brožováno) | ||
| 035 | |a (OCoLC)1357140883 | ||
| 040 | |a ABG001 |b cze |e rda | ||
| 072 | 7 | |a 821.162.3-3 |x Česká próza |2 Konspekt | |
| 080 | |a 821.162.3-31 |2 MRF | ||
| 080 | |a (0:82-312.9) |2 MRF | ||
| 100 | 1 | |a Hartmanová, Zuzana, |d 1990- |7 xx0213414 |4 aut | |
| 245 | 1 | 0 | |a Krysy apokalypsy. |n Kniha třetí, |p Bouřný úsvit / |c Zuzana Hartmanová |
| 246 | 3 | 0 | |a Bouřný úsvit |
| 250 | |a První vydání | ||
| 264 | 1 | |a Brno : |b Host, |c 2022 | |
| 300 | |a 397 stran ; |c 21 cm | ||
| 336 | |a text |b txt |2 rdacontent | ||
| 337 | |a bez média |b n |2 rdamedia | ||
| 338 | |a svazek |b nc |2 rdacarrier | ||
| 500 | |a Terminologický slovník | ||
| 520 | 2 | |a Závěrečný díl postapokalyptické trilogie. |b Sled chybných rozhodnutí -- a jistá dávka šílenství -- zapříčinil pád samozvaného spasitele. Jeho moc visí na vlásku a možnosti rychle docházejí. Zatímco Hiramoto přichází vyrovnat účty, ruiny na východě slibují Arumielovým odpůrcům nové začátky a relativní bezpečí. Ovšem magie ještě neřekla poslední slovo. Nakladatelská anotace. Kráceno. | |
| 655 | 7 | |a české romány |7 fd133974 |2 czenas | |
| 655 | 7 | |a fantasy romány |7 fd184199 |2 czenas | |
| 655 | 9 | |a Czech fiction |2 eczenas | |
| 655 | 9 | |a fantasy novels |2 eczenas | |
| 787 | 0 | 8 | |i Z cyklu: |t Krysy apokalypsy |g 3 |
| 900 | |a ABA001 |b 21 | ||
| 044 | |a xr | ||
| 910 | |a RBIT002 | ||
| 998 | |d 362222 |a https://core.palmknihy.cz/api/books/362222/cover?rjy70v |b https://core.palmknihy.cz/api/books/362222/cover/400?rjy70v |c https://core.palmknihy.cz/api/books/362222/cover/50?rjy70v |e 2029-12-31 |g 400 |i 9788027513703 |j https://core.palmknihy.cz/api/books/362222/preview.epub |k https://core.palmknihy.cz/api/books/362222/preview.pdf |l |q 49 |r 1 |s https://www.palmknihy.cz/kniha/362222 |t ebook |y 2022 |z 0 |v Krysy apokalypsy |w 3 | ||
| 999 | |d 311708 | ||